000 01340nam a2200337Ia 4500
001 ebr10491795
003 CaPaEBR
006 m u
007 cr cn|||||||||
008 090102s2009 lauab sb s001 0deng d
010 _z 2008055651
020 _z9780807143599
020 _z9780807144855
020 _z9780807134740
020 _z0807134740
040 _aCaPaEBR
_cCaPaEBR
035 _a(OCoLC)503447470
050 1 4 _aPN4888.F69
_bH36 2009eb
082 0 4 _a070.4/3320973
_222
100 1 _aHamilton, John Maxwell.
245 1 0 _aJournalism's roving eye
_h[electronic resource] :
_ba history of American foreign reporting /
_cJohn Maxwell Hamilton.
260 _aBaton Rouge :
_bLouisiana State University Press,
_cc2009.
300 _axvi, 655 p. :
_bill., maps.
504 _aIncludes bibliographical references and index.
533 _aElectronic reproduction.
_bPalo Alto, Calif. :
_cebrary,
_d2011.
_nAvailable via World Wide Web.
_nAccess may be limited to ebrary affiliated libraries.
650 0 _aForeign news
_zUnited States
_xHistory.
650 0 _aForeign correspondents
_zUnited States
_vBiography.
655 7 _aElectronic books.
_2local
710 2 _aebrary, Inc.
856 4 0 _uhttp://site.ebrary.com/lib/rucke/Doc?id=10491795
_zAn electronic book accessible through the World Wide Web; click to view
999 _c127348
_d127348